000 00371nam a2200133Ia 4500
005 20260326100047.0
008 260326s9999||||xx |||||||||||||| ||und||
100 _aCichy, Bodo
245 0 _aLas Grandes épocas de la Arquitectura :
_b de la Grecia Antigua hasta nuestros días /
_cBodo Cichy
260 _bGrijalbo
300 _a434 p.
650 _aHISTORIA
942 _cBK
999 _c7248
_d7248